Paises con más biodiversidad de aves - Estadísticas

Estadísticas generales
  • Esta prueba ha sido intentada 33 veces
  • La puntuación promedio es 10 de 15
Estadísticas de respuestas
Número de especies Continente País % Correcto
844 América del Norte Estados Unidos
90%
762 África Sudáfrica
90%
843 América del Norte Costa Rica
87%
885 América del Norte Panamá
84%
920 África Angola
77%
743 Oceanía Papua Nueva Guinea
77%
910 Asia Tailandia
77%
734 África Zambia
74%
793 América del Sur Guyana
71%
864 África Nigeria
68%
888 África Camerún
65%
835 Asia Vietnam
65%
917 África Sudán
48%
821 África Etiopía
42%
822 Asia Nepal
32%
No se encontraron pruebas coincidentes
Distribución de puntuación
Porcentaje de gente con cada puntuación
Porcentaje por número respondido
Historial de tus puntuaciones
No has intentado esta prueba.